| 000 | 00573nam a22001697a 4500 | ||
|---|---|---|---|
| 005 | 20240118082609.0 | ||
| 008 | 240118b |||||||| |||| 00| 0 eng d | ||
| 020 | _a0409003301 ; 0409004170 | ||
| 041 | _aEnglish | ||
| 082 | _a349 JOU | ||
| 100 |
_aJoubert, WA and Scott, TJ _lEnglish |
||
| 245 |
_aThe Law of South Africa : Index to Volumes 1 to 10 / _cWA Joubert and TJ Scott |
||
| 260 |
_aDurban : _bButterworth Publishers (Pty) Ltd, _c1985 |
||
| 300 |
_b551 pages ; _c26 cm. |
||
| 650 |
_aLegal practice _bLaw |
||
| 942 |
_cBK _6ALISON_BN_VRIES |
||
| 999 |
_c1244 _d1244 |
||